Can you name all 66 books of the Bible? - Statistics

General Stats
  • This quiz has been taken 955 times
  • The average score is 38 of 66
Answer Stats
Answer % Correct
Genesis
98%
John
91%
Exodus
90%
Luke
89%
Matthew
88%
Mark
87%
Leviticus
83%
Psalms
81%
Revelation
81%
Numbers
80%
Ruth
77%
Deuteronomy
76%
Job
73%
Romans
70%
1 Kings
69%
2 Kings
69%
Acts
69%
Joshua
66%
Proverbs
65%
1 John
64%
2 John
64%
Judges
63%
1 Corinthians
62%
1 Samuel
61%
2 Corinthians
61%
2 Samuel
60%
3 John
60%
Esther
60%
Daniel
58%
Jeremiah
57%
Ephesians
56%
1 Chronicles
54%
1 Peter
54%
2 Chronicles
54%
2 Peter
54%
Jude
54%
Isaiah
53%
James
53%
Galatians
52%
Ezra
51%
1 Timothy
50%
Ezekiel
50%
Philippians
50%
2 Timothy
49%
Hebrews
49%
Ecclesiastes
47%
Malachi
47%
Jonah
46%
Nehemiah
44%
1 Thessalonians
43%
2 Thessalonians
43%
Colossians
43%
Habakkuk
42%
Titus
42%
Micah
41%
Song of Songs
41%
Amos
39%
Lamentations
39%
Hosea
38%
Philemon
38%
Obadiah
37%
Joel
35%
Zechariah
35%
Zephaniah
33%
Haggai
31%
Nahum
31%
No matching quizzes found
Score Distribution
Percent of People with Each Score
Percentile by Number Answered
Your Score History
You have not taken this quiz